[Event "CAMPEONATO DE ESPAÑA ABSOLUTO"]
[Site "EL SAUZAL - TENERIFE - ISLAS CANARIAS"]
[Date "2010.09.07"]
[Round "4"]
[Board "6"]
[White "Narciso Dublan, Marc"]
[Black "Pena Gomez, Manuel"]
[Result "0-1"]
[WhiteElo "2553"]
[BlackElo "2419"]
[PlyCount "86"]
[EventDate "2010.09.04"]
[EventRounds "9"]
[EventCountry "ESP"]

1.d4 Nf6 2.c4 c5 3.d5 e6 4.Nc3 exd5 5.cxd5 d6 6.Nf3 g6 7.Nd2 Bg7 8.Nc4 O-O 9.Bf4
Ne8 10.g3 b6 11.a4 Ba6 12.Nb5 g5 13.Bd2 Bxb5 14.axb5 Nc7 15.Qc1 f6 16.Bh3 Qe7
17.Ne3 Nd7 18.Nf5 Qf7 19.Bxg5 fxg5 20.Qxg5 Kh8 21.Qxg7+ Qxg7 22.Nxg7 Rf7 23.Nf5
Nxb5 24.e4 Re8 25.f3 Ne5 26.O-O Rc7 27.Bg2 c4 28.Rfd1 Rf7 29.Rd2 a5 30.Rc1 Rc7
31.Kf1 Rc5 32.Rb1 a4 33.Ra1 Ra8 34.Ke2 a3 35.bxa3 c3 36.Rc2 Rxa3 37.Rb1 Ra5
38.Bf1 Na3 39.Rxb6 Nd7 40.Rxd6 Nxc2 41.Rxd7 Ra8 42.d6 Nb4 43.Re7 Nc6 0-1

[Event "CAMPEONATO DE ESPAÑA ABSOLUTO"]
[Site "EL SAUZAL - TENERIFE - ISLAS CANARIAS"]
[Date "2010.09.07"]
[Round "4"]
[Board "7"]
[White "Alsina Leal, Daniel"]
[Black "Del Rey, Diego"]
[Result "1-0"]
[WhiteElo "2523"]
[BlackElo "2396"]
[PlyCount "111"]
[EventDate "2010.09.04"]
[EventRounds "9"]
[EventCountry "ESP"]

1.e4 e6 2.d4 d5 3.Nc3 Be7 4.Bd3 c5 5.exd5 exd5 6.dxc5 Nf6 7.Nge2 O-O 8.O-O Nbd7
9.Nf4 d4 10.Nb5 Bxc5 11.Ne2 Ne5 12.Nbxd4 Bg4 13.Nb3 Nxd3 14.cxd3 Re8 15.Re1 Bb4
16.Bd2 Qxd3 17.Bxb4 Qxd1 18.Raxd1 Bxe2 19.Rd4 Rac8 20.f3 b6 21.Bc3 Bb5 22.Rxe8+
Nxe8 23.a4 Bc6 24.a5 bxa5 25.Nxa5 Bb5 26.h4 f6 27.Kf2 a6 28.h5 g6 29.hxg6 hxg6
30.Rd5 Rc7 31.Rd8 Kf7 32.Nb3 Ke7 33.Rb8 Bc4 34.Nd4 Kf7 35.Rb6 Rd7 36.Nc2 Bb5
37.Ne3 Rd6 38.Rb7+ Rd7 39.Rb8 f5 40.Nc2 f4 41.Nd4 Rd5 42.Ra8 g5 43.Ra7+ Kg6
44.Ne6 Kf5 45.Nf8 Nd6 46.Rg7 Rd1 47.g4+ fxg3+ 48.Kxg3 Rd3 49.Re7 Rd5 50.Nh7 Rd3
51.Re5+ Kg6 52.Nxg5 Nf5+ 53.Kf4 Bd7 54.Ne4 Nd4 55.Nc5 Rxf3+ 56.Ke4 1-0

[Event "CAMPEONATO DE ESPAÑA ABSOLUTO"]
[Site "EL SAUZAL - TENERIFE - ISLAS CANARIAS"]
[Date "2010.09.07"]
[Round "4"]
[Board "8"]
[White "Espineira Gonzalez, Diego"]
[Black "San Segundo Carrillo, Pablo"]
[Result "1/2-1/2"]
[WhiteElo "2305"]
[BlackElo "2511"]
[PlyCount "108"]
[EventDate "2010.09.04"]
[EventRounds "9"]
[EventCountry "ESP"]

1.e4 c5 2.Nf3 Nc6 3.d4 cxd4 4.Nxd4 e5 5.Nb5 d6 6.c4 Be7 7.b3 f5 8.Ba3 Nf6 9.N1c3
O-O 10.Nd5 Nxe4 11.Nxe7+ Qxe7 12.Bxd6 Nxd6 13.Qxd6 Qxd6 14.Nxd6 b6 15.O-O-O Be6
16.Nb5 Rac8 17.Rd6 Kf7 18.Be2 a6 19.Nc3 b5 20.cxb5 Nd4 21.Kb2 axb5 22.Rxd4 exd4
23.Nxb5 d3 24.Nd6+ Kf6 25.Nxc8 dxe2 26.Nb6 Rd8 27.Kc2 f4 28.Re1 Bf5+ 29.Kc1 Bd3
30.Na4 Ba6 31.Nc3 Rc8 32.Kd2 Rd8+ 33.Kc2 Bd3+ 34.Kc1 Ba6 35.b4 Bc4 36.Nxe2 Bxa2
37.Kb2 Bf7 38.Rc1 g5 39.Rc6+ Ke5 40.Rc5+ Kf6 41.h4 h6 42.Rc6+ Be6 43.Kc3 Rd1
44.hxg5+ hxg5 45.Kc2 Rd8 46.b5 Ke5 47.Rc5+ Rd5 48.Rxd5+ Bxd5 49.g3 fxg3 50.fxg3
Bc4 51.Nc3 Bxb5 52.Nxb5 Ke4 53.Nd6+ Kf3 54.Nf5 Kg4 1/2-1/2

[Event "CAMPEONATO DE ESPAÑA ABSOLUTO"]
[Site "EL SAUZAL - TENERIFE - ISLAS CANARIAS"]
[Date "2010.09.07"]
[Round "4"]
[Board "10"]
[White "Vega Gutierrez, Sabrina"]
[Black "Recuero Guerra, David"]
[Result "1/2-1/2"]
[WhiteElo "2368"]
[BlackElo "2457"]
[PlyCount "103"]
[EventDate "2010.09.04"]
[EventRounds "9"]
[EventCountry "ESP"]

1.e4 e5 2.Nf3 d6 3.d4 exd4 4.Nxd4 Nf6 5.Nc3 Be7 6.g3 O-O 7.Bg2 Re8 8.O-O Bf8
9.h3 a5 10.a4 c6 11.Re1 Na6 12.Bf4 Nd7 13.Qd2 Ne5 14.Rad1 Qc7 15.b3 Nb4 16.Be3
g6 17.Bh6 Bxh6 18.Qxh6 Qe7 19.f4 Nd7 20.Nf5 gxf5 21.exf5 Qd8 22.Rxe8+ Qxe8 23.f6
Qf8 24.Qg5+ Kh8 25.Re1 Ne5 26.fxe5 d5 27.Re2 Be6 28.Kh2 Qg8 29.Qh5 Qg6 30.Qxg6
hxg6 31.Nd1 d4 32.Nb2 Bf5 33.Be4 Bxe4 34.Rxe4 Nxc2 35.e6 fxe6 36.Rxe6 Kg8 37.Nd3
Kf7 38.Rd6 Re8 39.h4 Re6 40.Rxe6 Kxe6 41.Kg2 Kxf6 42.Kf3 b6 43.Ke4 c5 44.g4 Ne3
45.g5+ Kg7 46.Nf4 Nf5 47.Nd5 Nd6+ 48.Kd3 Nc8 49.Ke4 Nd6+ 50.Kd3 Nc8 51.Ke4 Nd6+
52.Kd3 1/2-1/2

[Event "CAMPEONATO DE ESPAÑA ABSOLUTO"]
[Site "EL SAUZAL - TENERIFE - ISLAS CANARIAS"]
[Date "2010.09.07"]
[Round "4"]
[Board "11"]
[White "Gutierrez Olivares, Daniel"]
[Black "Larino Nieto, David"]
[Result "0-1"]
[WhiteElo "2175"]
[BlackElo "2451"]
[PlyCount "72"]
[EventDate "2010.09.04"]
[EventRounds "9"]
[EventCountry "ESP"]

1.c4 e5 2.Nc3 Nc6 3.g3 g6 4.Bg2 Bg7 5.Nf3 d6 6.O-O f5 7.d3 h6 8.Rb1 Nf6 9.b4 g5
10.b5 Ne7 11.d4 e4 12.Ne1 a6 13.f4 g4 14.b6 c6 15.Nc2 Be6 16.Ne3 h5 17.Ba3 h4
18.d5 cxd5 19.cxd5 Bf7 20.Nc4 Nc8 21.Qa4+ Qd7 22.Qa5 h3 23.Bh1 O-O 24.Rfd1 Rd8
25.Rbc1 Ne8 26.Qb4 Ne7 27.Rd2 Rac8 28.Ne3 Nf6 29.Qa5 Qe8 30.Kf2 Kh8 31.Ke1 Qg8
32.Kd1 Qh7 33.Bb4 Qh6 34.Qa3 Nh5 35.Kc2 Nxf4 36.gxf4 Qxf4 0-1

[Event "CAMPEONATO DE ESPAÑA ABSOLUTO"]
[Site "EL SAUZAL - TENERIFE - ISLAS CANARIAS"]
[Date "2010.09.07"]
[Round "4"]
[Board "12"]
[White "Leon Varela, Luis"]
[Black "Todorcevic, Miodrag"]
[Result "0-1"]
[WhiteElo "2168"]
[BlackElo "2434"]
[PlyCount "75"]
[EventDate "2010.09.04"]
[EventRounds "9"]
[EventCountry "ESP"]

1.d4 Nf6 2.c4 c5 3.d5 b5 4.f3 bxc4 5.e4 d6 6.Na3 g6 7.Bxc4 Bg7 8.Ne2 O-O 9.O-O
Nbd7 10.Nc3 Rb8 11.Rb1 a6 12.Bd2 Qc7 13.b3 Nb6 14.Qe1 e6 15.dxe6 fxe6 16.e5 dxe5
17.Qh4 Nbd5 18.Ne4 Bd7 19.Rbd1 Nxe4 20.fxe4 Nf4 21.Qe1 Bb5 22.Bxf4 Bxc4 23.Nxc4
exf4 24.e5 Rbd8 25.Qe4 Rxd1 26.Rxd1 Qe7 27.Qc6 f3 28.gxf3 Qg5+ 29.Kh1 Qf5 30.Qe4
Qg5 31.Qc6 Kh8 32.Qxe6 Rxf3 33.Qd5 Qf5 34.Qd8+ Bf8 35.Qd5 Rf1+ 36.Kg2 Rf2+
37.Kh1 Qf4 38.Qe4 0-1

[Event "CAMPEONATO DE ESPAÑA ABSOLUTO"]
[Site "EL SAUZAL - TENERIFE - ISLAS CANARIAS"]
[Date "2010.09.07"]
[Round "4"]
[Board "13"]
[White "Argandona Riveiro, Inigo"]
[Black "Hidalgo Santana, Fernando"]
[Result "1-0"]
[WhiteElo "2408"]
[BlackElo "2127"]
[PlyCount "82"]
[EventDate "2010.09.04"]
[EventRounds "9"]
[EventCountry "ESP"]

1.e4 d6 2.d4 Nf6 3.Nc3 g6 4.Bg5 Bg7 5.f4 c6 6.Nf3 Qa5 7.Bd3 O-O 8.O-O c5 9.Bxf6
exf6 10.f5 Nc6 11.Kh1 cxd4 12.Nb5 Rd8 13.Nbxd4 d5 14.exd5 Qxd5 15.c3 Ne5 16.Bc2
Bd7 17.Nxe5 fxe5 18.Bb3 Qc5 19.Bxf7+ Kh8 20.Nb3 Qb6 21.fxg6 Bf5 22.Qh5 Bxg6
23.Bxg6 Qxg6 24.Qxg6 hxg6 25.Rae1 Rf8 26.Rxf8+ Rxf8 27.Kg1 b6 28.g3 Rd8 29.Kf1
Kh7 30.Ke2 Kh6 31.Rf1 Rd7 32.Nd2 b5 33.Ne4 a5 34.g4 b4 35.Rf3 Kh7 36.Rd3 Rb7
37.c4 a4 38.c5 Kg8 39.Rd8+ Bf8 40.Ng5 Re7 41.c6 Rc7 1-0

[Event "CAMPEONATO DE ESPAÑA ABSOLUTO"]
[Site "EL SAUZAL - TENERIFE - ISLAS CANARIAS"]
[Date "2010.09.07"]
[Round "4"]
[Board "14"]
[White "Hernandez Leon, Sergio"]
[Black "Anton Guijarro, David"]
[Result "1/2-1/2"]
[WhiteElo "2133"]
[BlackElo "2403"]
[PlyCount "74"]
[EventDate "2010.09.04"]
[EventRounds "9"]
[EventCountry "ESP"]

1.c4 e5 2.Nc3 Nc6 3.g3 Bc5 4.Bg2 d6 5.e3 a6 6.Nge2 Ba7 7.d3 Be6 8.Rb1 Nge7 9.b4
Qd7 10.Nd5 Nd8 11.Nxe7 Qxe7 12.a4 Qd7 13.Nc3 O-O 14.O-O c6 15.b5 Rc8 16.Ba3 f5
17.b6 Bb8 18.f4 Re8 19.Qb3 Bf7 20.Rbd1 exf4 21.exf4 Qe6 22.Rfe1 Qxe1+ 23.Rxe1
Rxe1+ 24.Kf2 Re8 25.Bb2 Ne6 26.Ne2 Bh5 27.Bf3 Bxf3 28.Kxf3 Re7 29.d4 Rce8 30.Qd3
Nf8 31.Nc1 Nd7 32.a5 Re4 33.Nb3 Nf6 34.h3 Re1 35.Bc3 R1e3+ 36.Qxe3 Rxe3+ 37.Kxe3
Ne4 1/2-1/2

[Event "CAMPEONATO DE ESPAÑA ABSOLUTO"]
[Site "EL SAUZAL - TENERIFE - ISLAS CANARIAS"]
[Date "2010.09.07"]
[Round "4"]
[Board "15"]
[White "Vassallo Barroche, Mauricio"]
[Black "Camino Carrio, Nicanor"]
[Result "1-0"]
[WhiteElo "2422"]
[BlackElo "2137"]
[PlyCount "81"]
[EventDate "2010.09.04"]
[EventRounds "9"]
[EventCountry "ESP"]

1.Nf3 Nf6 2.g3 g6 3.b3 Bg7 4.Bb2 O-O 5.Bg2 d6 6.d4 c5 7.O-O Nc6 8.c4 Rb8 9.Nc3
a6 10.dxc5 dxc5 11.Qxd8 Rxd8 12.Na4 Nd7 13.Bxg7 Kxg7 14.Rac1 Nd4 15.Nxd4 cxd4
16.Rfd1 Ne5 17.Nb6 Bg4 18.f3 Be6 19.c5 h5 20.Rd2 d3 21.e3 Nd7 22.Nxd7 Rxd7
23.Bf1 Rbd8 24.Rc3 Kf6 25.Kf2 Ke5 26.f4+ Kf6 27.e4 Rd4 28.Ke3 a5 29.e5+ Kg7
30.Rcxd3 Rxd3+ 31.Bxd3 a4 32.bxa4 Bxa2 33.Be4 Bd5 34.Rd3 e6 35.Bxd5 exd5 36.Kd4
Ra8 37.Ra3 Ra5 38.Kxd5 Kf8 39.Rb3 Ra7 40.Kd6 Ke8 41.c6 1-0

[Event "CAMPEONATO DE ESPAÑA ABSOLUTO"]
[Site "EL SAUZAL - TENERIFE - ISLAS CANARIAS"]
[Date "2010.09.07"]
[Round "4"]
[Board "16"]
[White "Saenz Narciso, Miguel Angel"]
[Black "Sanchez Aller, Fernando"]
[Result "0-1"]
[WhiteElo "2143"]
[BlackElo "2323"]
[PlyCount "58"]
[EventDate "2010.09.04"]
[EventRounds "9"]
[EventCountry "ESP"]

1.Nf3 Nf6 2.g3 d5 3.Bg2 g6 4.O-O Bg7 5.d3 O-O 6.Nbd2 d4 7.e4 dxe3 8.fxe3 Nc6
9.e4 Be6 10.Qe2 Qd7 11.c3 Bg4 12.Nc4 e5 13.h3 Bxh3 14.Ncxe5 Nxe5 15.Nxe5 Qe6
16.Nf3 Bxg2 17.Kxg2 Nh5 18.Be3 f5 19.Ng5 Qd6 20.Bf4 Be5 21.d4 Bxf4 22.Qc4+ Kh8
23.e5 Bxe5 24.Rae1 Qf6 25.Nxh7 Kxh7 26.Rxe5 c6 27.g4 Qg5 28.d5 Qh4 29.dxc6 Qg3+ 0-1

[Event "CAMPEONATO DE ESPAÑA ABSOLUTO"]
[Site "EL SAUZAL - TENERIFE - ISLAS CANARIAS"]
[Date "2010.09.07"]
[Round "4"]
[Board "17"]
[White "Villavicencio Martinez, Adalber"]
[Black "Garcia Gata, Jorge D"]
[Result "1-0"]
[WhiteElo "2317"]
[BlackElo "2090"]
[PlyCount "67"]
[EventDate "2010.09.04"]
[EventRounds "9"]
[EventCountry "ESP"]

1.Nf3 c5 2.c4 Nc6 3.Nc3 e5 4.g3 g6 5.Bg2 Bg7 6.d3 Nge7 7.Nd2 O-O 8.Nf1 Rb8 9.Ne3
a6 10.h4 f5 11.h5 f4 12.Ned5 g5 13.h6 Bf6 14.e3 fxg3 15.fxg3 Nf5 16.Ne4 Be7
17.Bd2 d6 18.Qh5 Kh8 19.O-O-O Bd7 20.Rdf1 Be8 21.Qe2 Bg6 22.Bf3 b5 23.Bh5 Bxh5
24.Rxh5 bxc4 25.dxc4 Nb4 26.Bxb4 cxb4 27.b3 a5 28.Qg4 Nxh6 29.Qh3 g4 30.Qh1
Rxf1+ 31.Qxf1 Qf8 32.Qh1 Rb7 33.Rxh6 Bd8 34.Nef6 1-0

[Event "CAMPEONATO DE ESPAÑA ABSOLUTO"]
[Site "EL SAUZAL - TENERIFE - ISLAS CANARIAS"]
[Date "2010.09.07"]
[Round "4"]
[Board "18"]
[White "Fernandez Losada, Daniel"]
[Black "Bajo Gutierrez, Ignacio"]
[Result "1-0"]
[WhiteElo "2126"]
[BlackElo "2271"]
[PlyCount "99"]
[EventDate "2010.09.04"]
[EventRounds "9"]
[EventCountry "ESP"]

1.e4 c5 2.Nf3 d6 3.d4 cxd4 4.Nxd4 Nf6 5.Nc3 g6 6.Be3 Bg7 7.f3 O-O 8.Qd2 Nc6
9.Bc4 Bd7 10.O-O-O Rc8 11.Bb3 Nxd4 12.Bxd4 b5 13.h4 a5 14.a3 b4 15.axb4 axb4
16.Na2 Be6 17.Bxe6 fxe6 18.Qxb4 Qc7 19.Qb3 Qd7 20.g4 Ra8 21.c3 Ne8 22.Bxg7 Kxg7
23.Rhf1 Qa7 24.Nb4 Nc7 25.Qc4 Rac8 26.Nc6 Qe3+ 27.Kc2 d5 28.Qd4+ Qxd4 29.Nxd4 e5
30.Nc6 Kf6 31.exd5 Nxd5 32.Rxd5 Rxc6 33.Re1 Re6 34.b4 h5 35.g5+ Kf5 36.f4 Kg4
37.fxe5 Kxh4 38.Rg1 Kh3 39.b5 Kh2 40.Rdd1 Rf2+ 41.Kb3 Rxe5 42.c4 Ree2 43.Rb1 h4
44.Rh1+ Kg3 45.b6 h3 46.c5 Rf4 47.Rbg1+ Kh4 48.Rc1 Ree4 49.Rc3 Rb4+ 50.Ka3 1-0

[Event "CAMPEONATO DE ESPAÑA ABSOLUTO"]
[Site "EL SAUZAL - TENERIFE - ISLAS CANARIAS"]
[Date "2010.09.07"]
[Round "4"]
[Board "19"]
[White "Rodriguez Fontecha, Marcos"]
[Black "Rodriguez Lapetra, Pablo"]
[Result "1-0"]
[WhiteElo "2253"]
[BlackElo "2111"]
[PlyCount "67"]
[EventDate "2010.09.04"]
[EventRounds "9"]
[EventCountry "ESP"]

1.d4 Nf6 2.Nf3 g6 3.Bg5 Bg7 4.c3 O-O 5.Nbd2 d5 6.e3 Re8 7.b4 Nbd7 8.Be2 c6 9.O-O
e5 10.Rc1 a5 11.b5 e4 12.Ne1 Nf8 13.c4 Ne6 14.Bh4 cxb5 15.cxd5 Qxd5 16.f3 Nxd4
17.exd4 Qxd4+ 18.Kh1 e3 19.Bxf6 Qxd2 20.Bxg7 Kxg7 21.Nc2 Bd7 22.Nd4 Qxa2 23.f4
Rad8 24.Rc7 Kg8 25.Qe1 Re4 26.Qh4 Ree8 27.f5 Qd5 28.Rf3 Rc8 29.Qh6 Qxd4 30.Rxc8
Rxc8 31.f6 Rc1+ 32.Bf1 Qxf6 33.Rxf6 e2 34.Qxc1 1-0

[Event "CAMPEONATO DE ESPAÑA ABSOLUTO"]
[Site "EL SAUZAL - TENERIFE - ISLAS CANARIAS"]
[Date "2010.09.07"]
[Round "4"]
[Board "20"]
[White "Alvarado Diaz, Alejandro"]
[Black "Fernandez Garcia, Jose Miguel"]
[Result "0-1"]
[WhiteElo "2101"]
[BlackElo "2237"]
[PlyCount "156"]
[EventDate "2010.09.04"]
[EventRounds "9"]
[EventCountry "ESP"]

1.d4 Nf6 2.c4 c5 3.d5 e5 4.Nc3 d6 5.e4 Be7 6.Bd3 Nbd7 7.Nge2 Nf8 8.f3 Ng6 9.Be3
h5 10.Qd2 h4 11.O-O-O a6 12.g4 Bd7 13.h3 Nh7 14.Rdf1 Ng5 15.Kd1 O-O 16.Ke1 b5
17.Kf2 Rb8 18.Kg2 Nh7 19.Nd1 bxc4 20.Bxc4 Bb5 21.Qc2 Bg5 22.b3 Qf6 23.Bf2 Qd8
24.Nb2 Qa5 25.a4 Bxc4 26.Nxc4 Qc7 27.Rb1 Ne7 28.Be1 g6 29.Ba5 Qd7 30.Nb6 Qa7
31.Nc4 Qd7 32.Qd3 f5 33.Rhf1 Rf6 34.Bc3 Rbf8 35.Nd2 Qe8 36.Ng1 Qf7 37.Qe2 Bf4
38.Qxa6 Bxd2 39.Bxd2 fxe4 40.Qe2 exf3+ 41.Rxf3 Qxd5 42.Qc4 Rxf3 43.Nxf3 e4
44.Qxd5+ Nxd5 45.Nxh4 e3 46.Be1 Nf4+ 47.Kf3 d5 48.Kxe3 Ng5 49.Kd2 Re8 50.Kd1 d4
51.Bd2 Ngxh3 52.Kc2 g5 53.Nf3 d3+ 54.Kc3 Nf2 55.Nxg5 Ne2+ 56.Kc4 Rd8 57.Rf1 Nxg4
58.Ne6 Rd6 59.Rf8+ Kh7 60.Nxc5 Ne5+ 61.Kb4 Rb6+ 62.Ka3 Rc6 63.Kb4 Rxc5 64.Kxc5
Nd7+ 65.Kc4 Nxf8 66.Kxd3 Ng3 67.a5 Nd7 68.b4 Nf5 69.Kc4 Kg7 70.Kd5 Kf7 71.Kc6
Ke6 72.Kc7 Ne7 73.a6 Nd5+ 74.Kb7 Kd6 75.a7 N7b6 76.Be3 Na8 77.Bc5+ Kd7 78.Kxa8
Kc8 0-1

[Event "CAMPEONATO DE ESPAÑA ABSOLUTO"]
[Site "EL SAUZAL - TENERIFE - ISLAS CANARIAS"]
[Date "2010.09.07"]
[Round "4"]
[Board "21"]
[White "Senlle Caride, Miguel"]
[Black "Machin Arbelo, Pedro Alexis"]
[Result "1-0"]
[WhiteElo "2235"]
[BlackElo "2032"]
[PlyCount "91"]
[EventDate "2010.09.04"]
[EventRounds "9"]
[EventCountry "ESP"]

1.e4 e6 2.d4 d5 3.Nc3 Nf6 4.e5 Nfd7 5.Qg4 c5 6.dxc5 Nc6 7.Nf3 f5 8.exf6 Nxf6
9.Qg3 Bxc5 10.Bd3 O-O 11.O-O Bd6 12.Qh4 Nb4 13.Re1 Bd7 14.Ne5 Nxd3 15.cxd3 Qc7
16.d4 Rac8 17.Bg5 Bb4 18.Re3 Bxc3 19.Rxc3 Bc6 20.Rh3 Be8 21.Rf1 Bg6 22.Nxg6 hxg6
23.Bf4 Qc2 24.Be5 Kf7 25.Bxf6 gxf6 26.Qh7+ Ke8 27.Qxb7 Rc7 28.Qb8+ Ke7 29.Rh7+
Rf7 30.Qb4+ Ke8 31.Qb8+ Rc8 32.Rh8+ Rf8 33.Rxf8+ Kxf8 34.Qd6+ Kf7 35.Qd7+ Kf8
36.Qxe6 Qc6 37.Qg4 f5 38.Qh4 Kg7 39.Qe7+ Kh6 40.Qxa7 Ra8 41.Qe7 Rxa2 42.Re1 Qa6
43.Qf8+ Kh5 44.Qh8+ Kg5 45.f4+ Kg4 46.Qh3+ 1-0

[Event "CAMPEONATO DE ESPAÑA ABSOLUTO"]
[Site "EL SAUZAL - TENERIFE - ISLAS CANARIAS"]
[Date "2010.09.07"]
[Round "4"]
[Board "22"]
[White "Barrio Pareja, Eduardo"]
[Black "Vega Gutierrez, Belinda"]
[Result "1/2-1/2"]
[WhiteElo "2049"]
[BlackElo "2233"]
[PlyCount "69"]
[EventDate "2010.09.04"]
[EventRounds "9"]
[EventCountry "ESP"]

1.e4 e5 2.Nf3 Nc6 3.Bb5 a6 4.Ba4 Nf6 5.O-O Be7 6.Re1 b5 7.Bb3 d6 8.c3 O-O 9.d4
Bg4 10.Be3 exd4 11.cxd4 Na5 12.Bc2 Nc4 13.Bc1 c5 14.b3 Nb6 15.Nbd2 cxd4 16.h3
Bh5 17.Bb2 Rc8 18.Rc1 Nbd7 19.Bxd4 Qa5 20.Bb1 Rfe8 21.Re3 Bf8 22.Rec3 Rxc3
23.Rxc3 Bg6 24.Re3 Rc8 25.Bb2 Qd8 26.Nd4 Nc5 27.f4 h6 28.f5 Bh7 29.g4 Nfd7
30.N4f3 Be7 31.Nf1 Bf6 32.e5 dxe5 33.Nxe5 Nxe5 34.Qxd8+ Bxd8 35.Bxe5 1/2-1/2

[Event "CAMPEONATO DE ESPAÑA ABSOLUTO"]
[Site "EL SAUZAL - TENERIFE - ISLAS CANARIAS"]
[Date "2010.09.07"]
[Round "4"]
[Board "23"]
[White "Nortes Hernandez, Pedro"]
[Black "Ladron De Guevara Pinto, Paolo"]
[Result "0-1"]
[WhiteElo "2020"]
[BlackElo "2215"]
[PlyCount "38"]
[EventDate "2010.09.04"]
[EventRounds "9"]
[EventCountry "ESP"]

1.e4 e6 2.d4 d5 3.Nc3 Nf6 4.Bg5 Be7 5.e5 Nfd7 6.Bxe7 Qxe7 7.f4 a6 8.Nf3 c5 9.Qd2
Nc6 10.Ne2 cxd4 11.Nexd4 Nc5 12.Nxc6 bxc6 13.Bd3 Rb8 14.Qc3 O-O 15.Bxh7+ Kh8
16.Ng5 g6 17.Qh3 Kg7 18.Bg8 Rxg8 19.Qh4 Ne4 0-1

[Event "CAMPEONATO DE ESPAÑA ABSOLUTO"]
[Site "EL SAUZAL - TENERIFE - ISLAS CANARIAS"]
[Date "2010.09.07"]
[Round "4"]
[Board "25"]
[White "Perez Barreto, Adrian"]
[Black "Zamarbide Inarrea, Daniel"]
[Result "0-1"]
[WhiteElo "1718"]
[BlackElo "2197"]
[PlyCount "98"]
[EventDate "2010.09.04"]
[EventRounds "9"]
[EventCountry "ESP"]

1.d4 g6 2.c4 Bg7 3.Nc3 c5 4.d5 Bxc3+ 5.bxc3 f5 6.Nf3 Nf6 7.Bh6 d6 8.Bg7 Rg8
9.Bxf6 exf6 10.Qd2 Kf7 11.g3 Qe7 12.Bg2 Nd7 13.O-O Nb6 14.Qd3 Re8 15.Rfe1 Kg7
16.Nd2 Qd7 17.e4 Qa4 18.f4 fxe4 19.Bxe4 f5 20.Bg2 Bd7 21.Bf1 Kf6 22.Nf3 h6 23.h3
Re4 24.Rxe4 fxe4 25.Qxe4 Bf5 26.Qe2 Re8 27.Qd2 Nxc4 28.Bxc4 Qxc4 29.Kf2 Bd3
30.Re1 Rxe1 31.Nxe1 Be4 32.a3 Qxd5 33.Qxd5 Bxd5 34.Ke3 g5 35.Nd3 b5 36.Nf2 gxf4+
37.Kxf4 a5 38.Ng4+ Kg6 39.Ne3 Be6 40.g4 a4 41.h4 Bb3 42.Ke4 b4 43.cxb4 cxb4
44.Kd3 bxa3 45.Kc3 d5 46.Nf5 h5 47.Ne7+ Kf7 48.Nc6 hxg4 49.Ne5+ Ke6 0-1

[Event "CAMPEONATO DE ESPAÑA ABSOLUTO"]
[Site "EL SAUZAL - TENERIFE - ISLAS CANARIAS"]
[Date "2010.09.07"]
[Round "4"]
[Board "26"]
[White "Aranaz Murillo, Amalia"]
[Black "Garza Marco, Sergio"]
[Result "1/2-1/2"]
[WhiteElo "2154"]
[BlackElo "2439"]
[PlyCount "137"]
[EventDate "2010.09.04"]
[EventRounds "9"]
[EventCountry "ESP"]

1.Nf3 d6 2.d4 Bg4 3.c4 Nd7 4.Nc3 e5 5.g3 c6 6.Bg2 Be7 7.O-O Ngf6 8.h3 Bh5 9.e4
O-O 10.Be3 a6 11.b4 Re8 12.d5 cxd5 13.cxd5 Qb8 14.Qd3 Bd8 15.Nd2 Bb6 16.Rfc1
Bxe3 17.Qxe3 Rc8 18.a3 Rc7 19.Na4 b5 20.Nb2 Raa7 21.Nb3 Rxc1+ 22.Rxc1 Rc7 23.Na5
Kf8 24.Rc6 Rxc6 25.Nxc6 Qb6 26.Qxb6 Nxb6 27.Nb8 Be2 28.f3 Nc4 29.Nxc4 bxc4
30.Kf2 Bd3 31.Bf1 Bxf1 32.Kxf1 Ke7 33.Nxa6 Nh5 34.g4 Nf4 35.b5 Kd8 36.a4 Nxh3
37.b6 Kc8 38.a5 c3 39.Nb4 Kb7 40.Ke1 Ng5 41.Nc6 Nxf3+ 42.Kd1 Ka6 43.Nd8 Nd4
44.b7 Ka7 45.a6 Kb8 46.Nxf7 c2+ 47.Kc1 Nb3+ 48.Kxc2 Nc5 49.Nxd6 Nxa6 50.Kd3 Kc7
51.Nf7 Nc5+ 52.Ke3 Nd7 53.Ng5 Nf6 54.Ne6+ Kxb7 55.g5 Ne8 56.Nd8+ Kb6 57.Nf7 Kc5
58.Nxe5 h5 59.gxh6 gxh6 60.Nd3+ Kc4 61.Nf4 Nf6 62.d6 Ng4+ 63.Kd2 Ne5 64.Ne6 Kb5
65.Nd4+ Kc5 66.Nf5 Nc4+ 67.Ke2 Nxd6 68.Nxd6 Kxd6 69.Kf3 1/2-1/2

[Event "CAMPEONATO DE ESPAÑA ABSOLUTO"]
[Site "EL SAUZAL - TENERIFE - ISLAS CANARIAS"]
[Date "2010.09.07"]
[Round "4"]
[Board "27"]
[White "Cabrera Trujillo, Jorge"]
[Black "Herrera Reyes, Jose Antonio"]
[Result "1-0"]
[WhiteElo "2384"]
[BlackElo "2145"]
[PlyCount "67"]
[EventDate "2010.09.04"]
[EventRounds "9"]
[EventCountry "ESP"]

1.e4 c5 2.Nf3 Nc6 3.d4 cxd4 4.Nxd4 d5 5.exd5 Qxd5 6.Be3 e6 7.Be2 Bd7 8.O-O Nf6
9.Bf3 Qe5 10.Nxc6 Bxc6 11.Bxc6+ bxc6 12.Bd4 Qf5 13.Nd2 Rd8 14.c3 Be7 15.Qf3 Qxf3
16.Nxf3 c5 17.Bxf6 Bxf6 18.Rfd1 Ke7 19.Kf1 Rd5 20.Ke2 Rb8 21.Rdb1 Rbd8 22.Rc1 a5
23.a4 h5 24.h4 c4 25.g3 Kd6 26.Rd1 Kc5 27.Rd2 Rd3 28.Rxd3 Rxd3 29.Nd2 Rd7 30.Kd1
Be7 31.Kc2 f5 32.Re1 Kd5 33.Nf3 Bc5 34.Rd1+ 1-0

[Event "CAMPEONATO DE ESPAÑA ABSOLUTO"]
[Site "EL SAUZAL - TENERIFE - ISLAS CANARIAS"]
[Date "2010.09.07"]
[Round "4"]
[Board "28"]
[White "Fernandez Siles, Luis"]
[Black "Villavicencio Martinez, Carlos"]
[Result "1-0"]
[WhiteElo "2341"]
[BlackElo "2123"]
[PlyCount "79"]
[EventDate "2010.09.04"]
[EventRounds "9"]
[EventCountry "ESP"]

1.d4 Nf6 2.c4 e6 3.Nc3 Bb4 4.e3 d5 5.Nf3 O-O 6.Bd3 c5 7.O-O cxd4 8.exd4 dxc4
9.Bxc4 b6 10.Qe2 Bb7 11.Bg5 Bxc3 12.bxc3 Nbd7 13.Bd3 Qc7 14.c4 h6 15.Bd2 Rfe8
16.Rfe1 Qd6 17.Bc3 Rac8 18.Bb2 Nh5 19.Qe3 Qf4 20.Be2 Qxe3 21.fxe3 Nhf6 22.a4 a5
23.Nd2 Ne4 24.Nb1 Ndf6 25.Na3 Red8 26.Rac1 Rd7 27.Nb5 Ba6 28.Ba3 Bxb5 29.axb5
Rdc7 30.Bd3 Nd2 31.Rc2 Nb3 32.Bd6 Rd7 33.Be5 Ne8 34.Be4 f6 35.Bg3 Nc7 36.Bc6
Rdd8 37.Bb7 Nd5 38.Bxc8 Rxc8 39.Bd6 Kf7 40.Rb2 1-0

[Event "CAMPEONATO DE ESPAÑA ABSOLUTO"]
[Site "EL SAUZAL - TENERIFE - ISLAS CANARIAS"]
[Date "2010.09.07"]
[Round "4"]
[Board "29"]
[White "Bernad Millan, Ignacio"]
[Black "Farran Martos, Francesc X"]
[Result "0-1"]
[WhiteElo "1854"]
[BlackElo "2287"]
[PlyCount "64"]
[EventDate "2010.09.04"]
[EventRounds "9"]
[EventCountry "ESP"]

1.d4 e6 2.c4 Nf6 3.Nf3 c5 4.d5 b5 5.dxe6 fxe6 6.cxb5 d5 7.e3 Bd6 8.Nc3 Nbd7
9.Be2 O-O 10.a4 Bb7 11.a5 Rc8 12.Ng5 Qe7 13.O-O h6 14.Nh3 e5 15.f3 e4 16.f4 d4
17.Bc4+ Kh8 18.Ne2 Ng4 19.Ra3 Ndf6 20.Ng3 Qd7 21.f5 g5 22.fxg6 Nxh2 23.Nf5 Nf3+
24.Rxf3 exf3 25.g7+ Kh7 26.gxf8=Q Rxf8 27.Nxd6 Qxd6 28.exd4 Ng4 29.Qd3+ Kh8
30.Nf4 Rxf4 31.Bxf4 Qxf4 32.d5 f2+ 0-1

[Event "CAMPEONATO DE ESPAÑA ABSOLUTO"]
[Site "EL SAUZAL - TENERIFE - ISLAS CANARIAS"]
[Date "2010.09.07"]
[Round "4"]
[Board "30"]
[White "Gonzalez Garcia, Guillermo"]
[Black "Molina Rodriguez, Borja"]
[Result "1-0"]
[WhiteElo "2215"]
[BlackElo "2058"]
[PlyCount "97"]
[EventDate "2010.09.04"]
[EventRounds "9"]
[EventCountry "ESP"]

1.Nf3 c5 2.c4 Nc6 3.d4 cxd4 4.Nxd4 Nf6 5.Nc3 e6 6.g3 a6 7.Bg2 Be7 8.O-O Qc7 9.b3
O-O 10.Bb2 d6 11.Rc1 Nxd4 12.Qxd4 Bd7 13.Rfd1 Rfd8 14.e4 Rac8 15.a4 b6 16.Ba3
Be8 17.h3 Qb8 18.Bf1 Bf8 19.Qe3 Bc6 20.Rb1 Qb7 21.Bg2 Rb8 22.Ra1 d5 23.Bxf8 Kxf8
24.e5 Ne4 25.Nxe4 dxe4 26.Rd6 Rxd6 27.exd6 Rd8 28.Rd1 Qb8 29.Kh2 Qb7 30.Bf1 f6
31.Rd2 Kf7 32.h4 Rd7 33.Bh3 Rd8 34.c5 b5 35.a5 Bd5 36.b4 Qc6 37.Bf1 Rd7 38.Be2
Rd8 39.Rd4 Kg8 40.Bd1 Rf8 41.Bc2 f5 42.Qf4 Re8 43.Qe5 Kf7 44.h5 Rg8 45.g4 g6
46.g5 Qb7 47.Rxd5 exd5 48.c6 Qa7 49.Qf6+ 1-0

[Event "CAMPEONATO DE ESPAÑA ABSOLUTO"]
[Site "EL SAUZAL - TENERIFE - ISLAS CANARIAS"]
[Date "2010.09.07"]
[Round "4"]
[Board "31"]
[White "Pinto Henriquez, Rodrigo"]
[Black "Perez Gutierrez, Nauzet"]
[Result "1/2-1/2"]
[WhiteElo "2214"]
[BlackElo "2007"]
[PlyCount "120"]
[EventDate "2010.09.04"]
[EventRounds "9"]
[EventCountry "ESP"]

1.e4 e5 2.Nf3 Nf6 3.Nxe5 d6 4.Nf3 Nxe4 5.d4 d5 6.Bd3 Bd6 7.O-O O-O 8.c4 c6 9.Nc3
Nxc3 10.bxc3 Bg4 11.Rb1 dxc4 12.Bxc4 Nd7 13.h3 Bf5 14.Bd3 Bxd3 15.Qxd3 g6 16.Bh6
Re8 17.Rxb7 Nc5 18.dxc5 Bh2+ 19.Nxh2 Qxd3 20.Ng4 Re6 21.Bg5 Rae8 22.Nh6+ Kg7
23.Rxf7+ Kh8 24.g3 Qd5 25.Rxa7 Rf8 26.h4 Qxc5 27.Rb7 Re1 28.Bf4 Rxf4 29.gxf4
Rxf1+ 30.Kxf1 Qc4+ 31.Kg1 Qxf4 32.Nf7+ Kg8 33.Ng5 Qg4+ 34.Kf1 Qc4+ 35.Kg1 Qxh4
36.Nxh7 Qg4+ 37.Kf1 Qc4+ 38.Kg1 Qxc3 39.Kg2 c5 40.Ng5 Qe5 41.Nf3 Qd5 42.Rb3 Kg7
43.Rc3 g5 44.Kg3 Qd6+ 45.Kg2 g4 46.Ne1 Qd5+ 47.Kf1 Qd4 48.Rd3 Qb2 49.a3 c4
50.Rg3 c3 51.Rxg4+ Kf6 52.Rg3 Qxa3 53.Re3 Qa6+ 54.Kg1 Qc4 55.Kg2 c2 56.Nxc2 Qxc2
57.Rg3 Qe2 58.Kg1 Kf5 59.Kg2 Qd1 60.Re3 Kf4 1/2-1/2